01018 a2200157 45000010006000000050017000060080041000230030015000640400040000790800064001192450131001832640033003143000019003475050474003661000020008403013020260407155612.0260407a1965 arg spa dAR-UNSa-BCEJYS aAR-UNSa-BCEJYSbspacAR-UNSa-BCEJYS a657.474.57xMétodos de cálculo. Estimación de costos 10aLa detrminación del precio de costepla desigualdades de rentabilidad, la determinación de los precios de venta racionales 1aBarcelona :bSagitarioc1965 a176 p.c22 cm. a1. Preámbulo - 2. Clasificación de los casos, de las técnicas y de los criterios de elección - 3. El estudio de los precios de coste por método de las selecciones homogéneas - 4. EL estudio de los precios de coste por el método de los costes directos - 5. Método de cálculo de los precios de coste y de las desigualdades de rentabilidad para los comerciantes - 6. El estudio de los precios de coste por el método de los precios standards corregidos.1 aMoisson, Marcel